[Event "DVM U20w 2023"]
[Site "Magdeburg GER"]
[Date "2023.12.27"]
[Round "1"]
[White "Dieckmann, Luna"]
[Black "Bangsa-Giesen, Citra"]
[Result "1/2-1/2"]
[Termination "normal"]
[Board "4.4"]
[WhiteElo "1174"]
[BlackElo "1469"]
[WhiteClock "00:15:45"]
[BlackClock "00:15:32"]
[WhiteTeam "SC Porta Westfalica 1950"]
[BlackTeam "SK Kelheim 1920"]
[PlyCount "154"]
[WhiteFideId "34607455"]
[BlackFideId "34605274"]
[EventCountry "GER"]
[EventRounds "7"]
[EventType "team-swiss"]
[EventDate "2023.12.26"]

1. d4 {[%clk 01:30:56]} d5 {[%clk 01:30:30]} 2. Nf3 {[%clk 01:30:56]} Nf6
{[%clk 01:30:30]} 3. e3 {[%clk 01:30:56]} Nc6 {[%clk 01:30:30]} 4. Bd3 {[%clk
01:30:56]} Bg4 {[%clk 01:30:30]} 5. h3 {[%clk 01:30:56]} Bxf3 {[%clk 01:30:30]}
6. Qxf3 {[%clk 01:30:56]} e5 {[%clk 01:20:49]} {[%emt 14:52:56]} 7. dxe5 {[%clk
01:15:04]} Nxe5 {[%clk 01:20:45]} {[%emt 00:11:03]} 8. Qe2 {[%clk 01:13:00]}
Bd6 {[%clk 01:20:12]} {[%emt 00:03:37]} 9. O-O {[%clk 01:12:21]} c6 {[%clk
01:18:42]} {[%emt 00:03:08]} 10. b3 {[%clk 01:09:59]} Qc7 {[%clk 01:15:50]}
{[%emt 00:06:14]} 11. f4 {[%clk 01:06:16]} Nxd3 {[%clk 01:10:46]} {[%emt
00:09:47]} 12. cxd3 {[%clk 01:05:36]} O-O-O {[%clk 01:08:47]} {[%emt 00:03:38]}
13. Nd2 {[%clk 01:02:24]} Rde8 {[%clk 01:08:44]} {[%emt 00:04:16]} 14. Nf3
{[%clk 01:01:02]} Bxf4 {[%clk 01:05:32]} {[%emt 00:05:35]} 15. Qf2 {[%clk
00:42:14]} Bg3 {[%clk 01:00:53]} {[%emt 00:24:27]} 16. Qd2 {[%clk 00:38:43]} h6
{[%clk 00:54:24]} {[%emt 00:11:00]} 17. Bb2 {[%clk 00:37:16]} Nh5 {[%clk
00:48:20]} {[%emt 00:08:31]} 18. d4 {[%clk 00:29:17]} g5 {[%clk 00:48:20]} 19.
Ne5 {[%clk 00:29:17]} f6 {[%clk 00:48:20]} 20. Qe2 {[%clk 00:29:17]} fxe5
{[%clk 00:48:20]} 21. Qxh5 {[%clk 00:29:17]} e4 {[%clk 00:48:20]} 22. Qg4+
{[%clk 00:29:17]} Kd8 {[%clk 00:24:29]} {[%emt 00:46:06]} 23. Bc3 {[%clk
00:19:18]} Ref8 {[%clk 00:19:45]} {[%emt 00:06:27]} 24. Rf5 {[%clk 00:17:25]}
Rxf5 {[%clk 00:18:55]} {[%emt 00:03:42]} 25. Qxf5 {[%clk 00:17:40]} Qd7 {[%clk
00:17:03]} {[%emt 00:02:38]} 26. Qf6+ {[%clk 00:17:18]} Kc7 {[%clk 00:17:03]}
27. Qxh8 {[%clk 00:17:18]} Qd6 {[%clk 00:16:17]} {[%emt 00:02:54]} 28. Qh7+
{[%clk 00:17:06]} Kb6 {[%clk 00:16:42]} {[%emt 00:01:00]} 29. Be1 {[%clk
00:16:14]} Bxe1 {[%clk 00:16:42]} 30. Rxe1 {[%clk 00:16:14]} Qg3 {[%clk
00:15:34]} {[%emt 00:03:35]} 31. Re2 {[%clk 00:15:49]} Qh4 {[%clk 00:14:22]}
{[%emt 00:03:03]} 32. Rf2 {[%clk 00:15:49]} g4 {[%clk 00:14:22]} 33. hxg4
{[%clk 00:15:49]} Qxg4 {[%clk 00:14:22]} 34. Qxh6 {[%clk 00:15:49]} Qd1+ {[%clk
00:15:32]} {[%emt 00:01:48]} 35. Rf1 {[%clk 00:15:45]} Qc2 {[%clk 00:15:32]}
36. Rf7 {[%clk 00:15:45]} Qc3 {[%clk 00:15:32]} 37. Qd6 {[%clk 00:15:45]} Qe1+
{[%clk 00:15:32]} 38. Rf1 {[%clk 00:15:45]} Qxe3+ {[%clk 00:15:32]} 39. Kh1
{[%clk 00:15:45]} Qxd4 {[%clk 00:15:32]} 40. b4 {[%clk 00:15:45]} Qh8+ {[%clk
00:15:32]} 41. Kg1 {[%clk 00:15:45]} Qd4+ {[%clk 00:15:32]} 42. Kh1 {[%clk
00:15:45]} Qh8+ {[%clk 00:15:32]} 43. Qh2 {[%clk 00:15:45]} Qb2 {[%clk
00:15:32]} 44. Qg1+ {[%clk 00:15:45]} Ka6 {[%clk 00:15:32]} 45. Qf2 {[%clk
00:15:45]} Qxb4 {[%clk 00:15:32]} 46. Qe2+ {[%clk 00:15:45]} Qb5 {[%clk
00:15:32]} 47. Qxb5+ {[%clk 00:15:45]} Kxb5 {[%clk 00:15:32]} 48. g4 {[%clk
00:15:45]} e3 {[%clk 00:15:32]} 49. Re1 {[%clk 00:15:45]} d4 {[%clk 00:15:32]}
50. g5 {[%clk 00:15:45]} c5 {[%clk 00:15:32]} 51. g6 {[%clk 00:15:45]} c4
{[%clk 00:15:32]} 52. g7 {[%clk 00:15:45]} d3 {[%clk 00:15:32]} 53. g8=Q {[%clk
00:15:45]} e2 {[%clk 00:15:32]} 54. Qd5+ {[%clk 00:15:45]} Kb4 {[%clk
00:15:32]} 55. Rb1+ {[%clk 00:15:45]} Kc3 {[%clk 00:15:32]} 56. Qe5+ {[%clk
00:15:45]} Kd2 {[%clk 00:15:32]} 57. Qf4+ {[%clk 00:15:45]} Kc3 {[%clk
00:15:32]} 58. Rc1+ {[%clk 00:15:45]} Kb2 {[%clk 00:15:32]} 59. Qd2+ {[%clk
00:15:45]} Ka3 {[%clk 00:15:32]} 60. Rc3+ {[%clk 00:15:45]} Kb4 {[%clk
00:15:32]} 61. Qb2+ {[%clk 00:15:45]} Kc5 {[%clk 00:15:32]} 62. Qd2 {[%clk
00:15:45]} b5 {[%clk 00:15:32]} 63. a3 {[%clk 00:15:45]} a5 {[%clk 00:15:32]}
64. Qg5+ {[%clk 00:15:45]} Kd4 {[%clk 00:15:32]} 65. Qf6+ {[%clk 00:15:45]} Ke3
{[%clk 00:15:32]} 66. Qe5+ {[%clk 00:15:45]} Kd2 {[%clk 00:15:32]} 67. Rxd3+
{[%clk 00:15:45]} cxd3 {[%clk 00:15:32]} 68. Qb2+ {[%clk 00:15:45]} Ke3 {[%clk
00:15:32]} 69. Qc1+ {[%clk 00:15:45]} Kf2 {[%clk 00:15:32]} 70. Qf4+ {[%clk
00:15:45]} Ke1 {[%clk 00:15:32]} 71. Qc1+ {[%clk 00:15:45]} Kf2 {[%clk
00:15:32]} 72. Qc5+ {[%clk 00:15:45]} Ke1 {[%clk 00:15:32]} 73. Qc3+ {[%clk
00:15:45]} Kf2 {[%clk 00:15:32]} 74. Qc5+ {[%clk 00:15:45]} Kf3 {[%clk
00:15:32]} 75. Qd5+ {[%clk 00:15:45]} Ke3 {[%clk 00:15:32]} 76. Qg5+ {[%clk
00:15:45]} Ke4 {[%clk 00:15:32]} 77. Qd2 {[%clk 00:15:45]} Kd4 {[%clk
00:15:32]} 1/2-1/2

[Event "DVM U20w 2023"]
[Site "Magdeburg GER"]
[Date "2023.12.27"]
[Round "1"]
[White "Kanno, Clara Yumi"]
[Black "Buchholz, Maja Patricia"]
[Result "1-0"]
[Termination "normal"]
[Board "5.1"]
[WhiteElo "1440"]
[BlackElo "1945"]
[WhiteClock "00:03:38"]
[BlackClock "00:00:33"]
[WhiteTeam "SF Essen-Werden 1924/80"]
[BlackTeam "VSG 1880 Offenbach"]
[PlyCount "83"]
[WhiteFideId "16259661"]
[BlackFideId "16200500"]
[EventCountry "GER"]
[EventRounds "7"]
[EventType "team-swiss"]
[EventDate "2023.12.26"]

1. d4 {[%clk 01:30:56]} {[%emt 00:00:05]} d5 {[%clk 01:30:52]} {[%emt
00:00:06]} 2. Bf4 {[%clk 01:31:10]} {[%emt 00:00:17]} Nf6 {[%clk 01:31:15]}
{[%emt 00:00:08]} 3. e3 {[%clk 01:31:32]} {[%emt 00:00:07]} c5 {[%clk
01:31:33]} {[%emt 00:00:11]} 4. c3 {[%clk 01:31:22]} {[%emt 00:00:41]} e6
{[%clk 01:25:11]} {[%emt 00:06:53]} 5. Nd2 {[%clk 01:29:28]} {[%emt 00:02:24]}
Bd6 {[%clk 01:24:52]} {[%emt 00:00:47]} 6. Bd3 {[%clk 01:28:06]} {[%emt
00:01:53]} O-O {[%clk 01:23:15]} {[%emt 00:02:07]} 7. Ngf3 {[%clk 01:26:16]}
{[%emt 00:02:21]} Bxf4 {[%clk 01:21:03]} {[%emt 00:02:42]} 8. exf4 {[%clk
01:26:36]} {[%emt 00:00:10]} Qc7 {[%clk 01:21:22]} {[%emt 00:00:12]} 9. g3
{[%clk 01:26:22]} {[%emt 00:00:44]} cxd4 {[%clk 01:17:32]} {[%emt 00:04:20]}
10. Nxd4 {[%clk 01:25:29]} {[%emt 00:01:22]} e5 {[%clk 01:16:54]} {[%emt
00:01:09]} 11. fxe5 {[%clk 01:24:09]} {[%emt 00:01:50]} Qxe5+ {[%clk 01:17:14]}
{[%emt 00:00:09]} 12. Qe2 {[%clk 01:23:39]} {[%emt 00:01:00]} Qc7 {[%clk
01:17:33]} {[%emt 00:00:11]} 13. O-O {[%clk 01:21:44]} {[%emt 00:02:25]} Re8
{[%clk 01:12:19]} {[%emt 00:05:44]} 14. Qd1 {[%clk 01:20:52]} {[%emt 00:01:21]}
Nc6 {[%clk 01:09:49]} {[%emt 00:03:01]} 15. N2b3 {[%clk 01:13:13]} {[%emt
00:08:10]} a6 {[%clk 00:59:25]} {[%emt 00:10:54]} 16. Qc2 {[%clk 01:09:51]}
{[%emt 00:03:48]} Bg4 {[%clk 00:47:23]} {[%emt 00:12:35]} 17. Nxc6 {[%clk
01:06:23]} {[%emt 00:03:59]} bxc6 {[%clk 00:46:25]} {[%emt 00:01:28]} 18. Rfe1
{[%clk 01:01:42]} {[%emt 00:05:09]} c5 {[%clk 00:40:03]} {[%emt 00:06:53]} 19.
Rxe8+ {[%clk 00:55:00]} {[%emt 00:07:13]} Rxe8 {[%clk 00:37:27]} {[%emt
00:03:06]} 20. Bxa6 {[%clk 00:51:07]} {[%emt 00:04:24]} c4 {[%clk 00:33:36]}
{[%emt 00:04:20]} 21. Nd4 {[%clk 00:47:58]} {[%emt 00:03:39]} Bh3 {[%clk
00:31:21]} {[%emt 00:02:45]} 22. a4 {[%clk 00:42:16]} {[%emt 00:06:13]} Qe5
{[%clk 00:28:38]} {[%emt 00:03:11]} 23. Qd2 {[%clk 00:32:55]} {[%emt 00:09:49]}
Qe4 {[%clk 00:19:29]} {[%emt 00:09:42]} 24. f3 {[%clk 00:31:55]} {[%emt
00:01:30]} Qg6 {[%clk 00:18:56]} {[%emt 00:01:02]} 25. Bb5 {[%clk 00:28:07]}
{[%emt 00:04:19]} Rb8 {[%clk 00:11:08]} {[%emt 00:08:17]} 26. Qf4 {[%clk
00:23:57]} {[%emt 00:04:39]} Rf8 {[%clk 00:09:22]} {[%emt 00:02:17]} 27. a5
{[%clk 00:17:22]} {[%emt 00:07:05]} Nh5 {[%clk 00:07:16]} {[%emt 00:02:36]} 28.
Qh4 {[%clk 00:15:45]} {[%emt 00:02:04]} Bc8 {[%clk 00:07:42]} {[%emt 00:00:06]}
29. a6 {[%clk 00:13:48]} {[%emt 00:02:28]} Qh6 {[%clk 00:06:13]} {[%emt
00:01:59]} 30. g4 {[%clk 00:11:11]} {[%emt 00:03:07]} Qe3+ {[%clk 00:05:42]}
{[%emt 00:01:01]} 31. Qf2 {[%clk 00:10:56]} {[%emt 00:00:44]} Qg5 {[%clk
00:01:53]} {[%emt 00:04:20]} 32. Kh1 {[%clk 00:07:15]} {[%emt 00:04:10]} Nf4
{[%clk 00:02:09]} {[%emt 00:00:15]} 33. Bc6 {[%clk 00:05:57]} {[%emt 00:01:47]}
Nd3 {[%emt 00:00:46]} 34. Qg2 {[%clk 00:05:16]} {[%emt 00:01:09]} Qe3 {[%clk
00:01:58]} {[%emt 00:00:26]} 35. h3 {[%clk 00:04:07]} {[%emt 00:01:40]} Ne5
{[%emt 00:01:20]} 36. a7 {[%clk 00:03:49]} {[%emt 00:00:46]} Nxc6 {[%clk
00:00:40]} {[%emt 00:01:00]} 37. a8=Q {[%clk 00:04:09]} {[%emt 00:00:10]} Bxg4
{[%clk 00:00:35]} {[%emt 00:00:36]} 38. Qxf8+ {[%clk 00:04:32]} {[%emt
00:00:07]} Kxf8 {[%clk 00:01:00]} {[%emt 00:00:05]} 39. Ra8+ {[%clk 00:04:40]}
{[%emt 00:00:21]} Ke7 {[%clk 00:00:38]} {[%emt 00:00:52]} 40. Nxc6+ {[%clk
00:04:58]} {[%emt 00:00:12]} Kf6 {[%clk 00:00:38]} {[%emt 00:00:29]} 41. hxg4
{[%clk 00:04:03]} {[%emt 00:01:26]} Qe1+ {[%clk 00:00:33]} {[%emt 00:00:35]}
42. Qg1 {[%clk 00:03:38]} {[%emt 00:00:55]} 1-0

[Event "DVM U20w 2023"]
[Site "Magdeburg GER"]
[Date "2023.12.27"]
[Round "1"]
[White "Werner, Rosalie"]
[Black "Walter, Kiara Laurien"]
[Result "1-0"]
[Termination "normal"]
[Board "5.2"]
[WhiteElo "1771"]
[BlackElo "1450"]
[WhiteClock "00:01:28"]
[BlackClock "00:00:58"]
[WhiteTeam "VSG 1880 Offenbach"]
[BlackTeam "SF Essen-Werden 1924/80"]
[PlyCount "77"]
[WhiteFideId "16223748"]
[BlackFideId "16284542"]
[EventCountry "GER"]
[EventRounds "7"]
[EventType "team-swiss"]
[EventDate "2023.12.26"]

1. e4 {[%clk 01:30:52]} {[%emt 00:00:09]} c5 {[%clk 01:30:49]} {[%emt
00:00:12]} 2. Nf3 {[%clk 01:31:16]} {[%emt 00:00:05]} e6 {[%clk 01:31:11]}
{[%emt 00:00:08]} 3. d4 {[%clk 01:31:38]} {[%emt 00:00:08]} cxd4 {[%clk
01:31:36]} {[%emt 00:00:05]} 4. Nxd4 {[%clk 01:32:05]} {[%emt 00:00:04]} Nc6
{[%clk 01:31:51]} {[%emt 00:00:13]} 5. Nc3 {[%clk 01:31:01]} {[%emt 00:01:34]}
Qc7 {[%clk 01:32:09]} {[%emt 00:00:11]} 6. Be2 {[%clk 01:30:02]} {[%emt
00:01:30]} a6 {[%clk 01:32:23]} {[%emt 00:00:16]} 7. O-O {[%clk 01:27:02]}
{[%emt 00:03:31]} Nf6 {[%clk 01:31:58]} {[%emt 00:00:55]} 8. Be3 {[%clk
01:27:22]} {[%emt 00:00:10]} Be7 {[%clk 01:31:52]} {[%emt 00:00:34]} 9. f4
{[%clk 01:27:05]} {[%emt 00:00:47]} d6 {[%clk 01:31:06]} {[%emt 00:01:17]} 10.
Qe1 {[%clk 01:21:58]} {[%emt 00:05:37]} Nxd4 {[%clk 01:22:57]} {[%emt
00:08:38]} 11. Bxd4 {[%clk 01:22:18]} {[%emt 00:00:11]} O-O {[%emt 00:03:13]}
12. Qg3 {[%clk 01:22:11]} {[%emt 00:00:35]} Ne8 {[%clk 01:16:01]} {[%emt
00:04:45]} 13. Rae1 {[%clk 01:12:56]} {[%emt 00:09:47]} b5 {[%clk 01:03:14]}
{[%emt 00:13:17]} 14. Bd3 {[%clk 01:04:57]} {[%emt 00:08:29]} b4 {[%clk
00:54:21]} {[%emt 00:09:22]} 15. Nd1 {[%clk 01:00:17]} {[%emt 00:05:10]} f6
{[%clk 00:51:28]} {[%emt 00:03:23]} 16. e5 {[%clk 00:40:41]} {[%emt 00:20:07]}
dxe5 {[%clk 00:47:32]} {[%emt 00:04:26]} 17. Qh3 {[%clk 00:38:02]} {[%emt
00:03:09]} h6 {[%clk 00:44:18]} {[%emt 00:03:43]} 18. fxe5 {[%clk 00:35:41]}
{[%emt 00:02:51]} Bc5 {[%clk 00:42:44]} {[%emt 00:02:04]} 19. Qe3 {[%clk
00:31:26]} {[%emt 00:04:43]} Bxd4 {[%clk 00:40:39]} {[%emt 00:02:37]} 20. Qxd4
{[%clk 00:31:48]} {[%emt 00:00:08]} Rb8 {[%clk 00:39:13]} {[%emt 00:01:55]} 21.
Nf2 {[%clk 00:25:18]} {[%emt 00:07:02]} fxe5 {[%clk 00:34:41]} {[%emt
00:05:01]} 22. Rxe5 {[%clk 00:22:33]} {[%emt 00:03:14]} Nf6 {[%clk 00:32:45]}
{[%emt 00:02:25]} 23. Bc4 {[%clk 00:13:01]} {[%emt 00:10:03]} Rd8 {[%clk
00:25:36]} {[%emt 00:07:38]} 24. Qf4 {[%clk 00:11:34]} {[%emt 00:01:57]} Nh5
{[%clk 00:20:57]} {[%emt 00:05:09]} 25. Qh4 {[%clk 00:07:00]} {[%emt 00:05:04]}
Nf6 {[%clk 00:16:58]} {[%emt 00:04:30]} 26. Re3 {[%clk 00:03:18]} {[%emt
00:04:07]} Rb6 {[%clk 00:13:13]} {[%emt 00:04:19]} 27. Rg3 {[%clk 00:02:42]}
{[%emt 00:01:07]} Kh8 {[%clk 00:08:08]} {[%emt 00:05:36]} 28. Nh3 {[%clk
00:01:23]} {[%emt 00:01:49]} Qc5+ {[%clk 00:07:42]} {[%emt 00:00:55]} 29. Kh1
{[%clk 00:01:44]} {[%emt 00:00:10]} Rd4 {[%clk 00:06:47]} {[%emt 00:01:25]} 30.
Rf4 {[%clk 00:00:55]} {[%emt 00:01:19]} Rd1+ {[%clk 00:06:43]} {[%emt
00:00:34]} 31. Rf1 {[%clk 00:00:36]} {[%emt 00:00:48]} Rxf1+ {[%clk 00:06:16]}
{[%emt 00:00:57]} 32. Bxf1 {[%clk 00:01:02]} {[%emt 00:00:05]} Qh5 {[%clk
00:03:57]} {[%emt 00:02:48]} 33. Qd4 {[%clk 00:01:06]} {[%emt 00:00:27]} Rb8
{[%clk 00:01:58]} {[%emt 00:02:29]} 34. Nf4 {[%clk 00:01:12]} {[%emt 00:00:24]}
Qf7 {[%clk 00:01:29]} {[%emt 00:00:59]} 35. Ng6+ {[%clk 00:01:08]} {[%emt
00:00:33]} Kg8 {[%clk 00:01:27]} {[%emt 00:00:33]} 36. Ne5 {[%clk 00:00:57]}
{[%emt 00:00:41]} Qe8 {[%clk 00:01:09]} {[%emt 00:00:49]} 37. Bd3 {[%clk
00:00:56]} {[%emt 00:00:30]} Rb7 {[%clk 00:00:46]} {[%emt 00:00:53]} 38. Nc4
{[%clk 00:01:06]} {[%emt 00:00:19]} Rd7 {[%clk 00:00:58]} {[%emt 00:00:19]} 39.
Qxf6 {[%clk 00:01:28]} {[%emt 00:00:08]} 1-0

[Event "DVM U20w 2023"]
[Site "Magdeburg GER"]
[Date "2023.12.27"]
[Round "1"]
[White "Barthelmes, Venice"]
[Black "Neininger, Sarah"]
[Result "1/2-1/2"]
[Termination "normal"]
[Board "5.3"]
[WhiteElo "1436"]
[BlackElo "1611"]
[WhiteClock "00:06:09"]
[BlackClock "00:08:06"]
[WhiteTeam "SF Essen-Werden 1924/80"]
[BlackTeam "VSG 1880 Offenbach"]
[PlyCount "57"]
[WhiteFideId "16261003"]
[BlackFideId "16287410"]
[EventCountry "GER"]
[EventRounds "7"]
[EventType "team-swiss"]
[EventDate "2023.12.26"]

1. e4 {[%clk 01:30:52]} {[%emt 00:00:06]} c5 {[%clk 01:30:53]} {[%emt
00:00:08]} 2. Nf3 {[%clk 01:31:07]} {[%emt 00:00:15]} e6 {[%clk 01:30:58]}
{[%emt 00:00:25]} 3. d4 {[%clk 01:30:00]} {[%emt 00:01:36]} cxd4 {[%clk
01:31:14]} {[%emt 00:00:15]} 4. Nxd4 {[%clk 01:29:52]} {[%emt 00:00:38]} Nf6
{[%clk 01:31:01]} {[%emt 00:00:43]} 5. Nc3 {[%clk 01:29:25]} {[%emt 00:00:57]}
Nc6 {[%clk 01:31:11]} {[%emt 00:00:20]} 6. Nf3 {[%clk 01:27:52]} {[%emt
00:02:02]} Bb4 {[%clk 01:21:06]} {[%emt 00:10:34]} 7. Bd2 {[%clk 01:18:53]}
{[%emt 00:09:29]} O-O {[%clk 01:14:12]} {[%emt 00:07:26]} 8. Bd3 {[%clk
01:15:38]} {[%emt 00:03:44]} d6 {[%clk 01:02:16]} {[%emt 00:12:25]} 9. O-O
{[%clk 01:08:06]} {[%emt 00:08:03]} Nd7 {[%clk 00:50:57]} {[%emt 00:11:48]} 10.
Nb5 {[%clk 00:46:37]} {[%emt 00:22:01]} Bxd2 {[%clk 00:47:24]} {[%emt
00:04:02]} 11. Qxd2 {[%clk 00:46:25]} {[%emt 00:00:41]} Nde5 {[%clk 00:46:50]}
{[%emt 00:01:04]} 12. Nxe5 {[%clk 00:44:59]} {[%emt 00:01:56]} Nxe5 {[%clk
00:46:52]} {[%emt 00:00:28]} 13. Be2 {[%clk 00:43:54]} {[%emt 00:01:35]} d5
{[%clk 00:42:00]} {[%emt 00:05:23]} 14. exd5 {[%clk 00:42:33]} {[%emt
00:01:50]} exd5 {[%clk 00:41:52]} {[%emt 00:00:39]} 15. Rad1 {[%clk 00:36:04]}
{[%emt 00:06:57]} Be6 {[%clk 00:41:05]} {[%emt 00:01:18]} 16. Nc3 {[%clk
00:29:28]} {[%emt 00:07:06]} Nc4 {[%clk 00:38:47]} {[%emt 00:02:47]} 17. Qc1
{[%clk 00:23:24]} {[%emt 00:06:35]} Rc8 {[%clk 00:31:46]} {[%emt 00:07:30]} 18.
Bf3 {[%clk 00:19:48]} {[%emt 00:04:06]} Qb6 {[%clk 00:22:47]} {[%emt 00:09:29]}
19. Nxd5 {[%clk 00:12:16]} {[%emt 00:08:03]} Bxd5 {[%clk 00:22:58]} {[%emt
00:00:19]} 20. Rxd5 {[%clk 00:11:19]} {[%emt 00:01:28]} Qxb2 {[%clk 00:16:56]}
{[%emt 00:06:31]} 21. Qxb2 {[%clk 00:11:34]} {[%emt 00:00:14]} Nxb2 {[%clk
00:17:21]} {[%emt 00:00:06]} 22. Rd7 {[%clk 00:10:33]} {[%emt 00:01:31]} Rxc2
{[%clk 00:14:08]} {[%emt 00:03:42]} 23. Rxb7 {[%clk 00:10:45]} {[%emt
00:00:19]} Na4 {[%clk 00:09:53]} {[%emt 00:04:39]} 24. Rxa7 {[%clk 00:10:52]}
{[%emt 00:00:29]} Rxa2 {[%clk 00:09:47]} {[%emt 00:00:37]} 25. Bd1 {[%clk
00:10:02]} {[%emt 00:01:19]} Nc3 {[%clk 00:10:11]} {[%emt 00:00:07]} 26. Rxa2
{[%clk 00:08:40]} {[%emt 00:01:51]} Nxa2 {[%clk 00:10:35]} {[%emt 00:00:06]}
27. Bb3 {[%clk 00:08:22]} {[%emt 00:00:47]} Nc3 {[%clk 00:09:24]} {[%emt
00:01:36]} 28. Re1 {[%clk 00:07:57]} {[%emt 00:01:00]} g6 {[%clk 00:08:06]}
{[%emt 00:01:47]} 29. Re3 {[%clk 00:06:09]} {[%emt 00:02:16]} 1/2-1/2

[Event "DVM U20w 2023"]
[Site "Magdeburg GER"]
[Date "2023.12.27"]
[Round "1"]
[White "Milman, Sophie"]
[Black "Symanski, Linda"]
[Result "1/2-1/2"]
[Termination "normal"]
[Board "5.4"]
[WhiteElo "1184"]
[BlackElo "1281"]
[WhiteClock "00:03:46"]
[BlackClock "00:03:17"]
[WhiteTeam "VSG 1880 Offenbach"]
[BlackTeam "SF Essen-Werden 1924/80"]
[PlyCount "65"]
[WhiteFideId "34608885"]
[BlackFideId "16284534"]
[EventCountry "GER"]
[EventRounds "7"]
[EventType "team-swiss"]
[EventDate "2023.12.26"]

1. e4 {[%clk 01:30:30]} {[%emt 01:04:53]} d5 {[%clk 01:30:54]} {[%emt
00:00:27]} 2. exd5 {[%clk 01:30:49]} {[%emt 00:00:11]} Qxd5 {[%clk 01:31:20]}
{[%emt 00:00:03]} 3. Nc3 {[%clk 01:30:48]} {[%emt 00:00:31]} Qd8 {[%clk
01:31:44]} {[%emt 00:00:06]} 4. d4 {[%clk 01:27:05]} {[%emt 00:04:13]} Nf6
{[%clk 01:31:48]} {[%emt 00:00:26]} 5. h3 {[%clk 01:24:01]} {[%emt 00:03:33]}
c6 {[%clk 01:30:51]} {[%emt 00:01:27]} 6. Nf3 {[%clk 01:21:24]} {[%emt
00:03:08]} Bf5 {[%clk 01:27:36]} {[%emt 00:03:44]} 7. Bc4 {[%clk 01:17:51]}
{[%emt 00:04:03]} e6 {[%clk 01:24:48]} {[%emt 00:03:19]} 8. a3 {[%clk
01:13:54]} {[%emt 00:04:27]} Be7 {[%clk 01:21:59]} {[%emt 00:03:18]} 9. O-O
{[%clk 01:11:31]} {[%emt 00:02:51]} Nbd7 {[%clk 01:18:34]} {[%emt 00:03:57]}
10. Bf4 {[%clk 01:04:37]} {[%emt 00:07:23]} Nb6 {[%clk 01:13:17]} {[%emt
00:05:48]} 11. Bb3 {[%clk 01:02:35]} {[%emt 00:02:30]} Nfd5 {[%clk 01:01:00]}
{[%emt 00:12:50]} 12. Nxd5 {[%clk 01:00:01]} {[%emt 00:03:04]} Nxd5 {[%clk
01:00:50]} {[%emt 00:00:39]} 13. Bg3 {[%clk 00:56:48]} {[%emt 00:03:43]} Bf6
{[%clk 00:58:25]} {[%emt 00:02:55]} 14. Be5 {[%clk 00:50:02]} {[%emt 00:07:16]}
O-O {[%clk 00:51:17]} {[%emt 00:07:38]} 15. Re1 {[%clk 00:46:50]} {[%emt
00:03:42]} Qe7 {[%clk 00:42:56]} {[%emt 00:08:51]} 16. Bxd5 {[%clk 00:40:53]}
{[%emt 00:06:28]} cxd5 {[%clk 00:42:30]} {[%emt 00:00:56]} 17. Bxf6 {[%clk
00:39:17]} {[%emt 00:02:06]} Qxf6 {[%clk 00:42:38]} {[%emt 00:00:22]} 18. Ne5
{[%clk 00:37:10]} {[%emt 00:02:37]} Rfd8 {[%clk 00:36:17]} {[%emt 00:06:50]}
19. c3 {[%clk 00:30:33]} {[%emt 00:07:07]} Qg5 {[%clk 00:27:05]} {[%emt
00:09:42]} 20. Nf3 {[%clk 00:23:47]} {[%emt 00:07:15]} Qf6 {[%clk 00:23:19]}
{[%emt 00:04:17]} 21. Rc1 {[%clk 00:19:44]} {[%emt 00:04:33]} Rac8 {[%clk
00:21:48]} {[%emt 00:02:02]} 22. Qa4 {[%clk 00:16:59]} {[%emt 00:03:14]} a6
{[%clk 00:18:12]} {[%emt 00:04:06]} 23. c4 {[%clk 00:14:07]} {[%emt 00:03:23]}
Be4 {[%clk 00:16:34]} {[%emt 00:02:08]} 24. Ne5 {[%clk 00:11:06]} {[%emt
00:03:30]} Qg5 {[%clk 00:13:25]} {[%emt 00:03:39]} 25. f3 {[%clk 00:08:55]}
{[%emt 00:02:41]} Bf5 {[%clk 00:11:51]} {[%emt 00:02:02]} 26. Kh1 {[%clk
00:08:39]} {[%emt 00:00:48]} Qd2 {[%clk 00:10:31]} {[%emt 00:01:49]} 27. Red1
{[%clk 00:05:21]} {[%emt 00:03:48]} Qxb2 {[%clk 00:09:32]} {[%emt 00:01:30]}
28. Qb4 {[%clk 00:04:50]} {[%emt 00:01:00]} Qxb4 {[%clk 00:05:37]} {[%emt
00:04:25]} 29. axb4 {[%clk 00:05:08]} {[%emt 00:00:12]} dxc4 {[%clk 00:05:45]}
{[%emt 00:00:23]} 30. Rxc4 {[%clk 00:04:42]} {[%emt 00:00:56]} Rxc4 {[%clk
00:05:22]} {[%emt 00:00:53]} 31. Nxc4 {[%clk 00:05:05]} {[%emt 00:00:07]} b5
{[%clk 00:04:32]} {[%emt 00:01:20]} 32. Na5 {[%clk 00:04:13]} {[%emt 00:01:23]}
Rc8 {[%clk 00:03:17]} {[%emt 00:01:44]} 33. d5 {[%clk 00:03:46]} {[%emt
00:00:58]} 1/2-1/2